| 000 | 00754nam a2200193Ia 4500 | ||
|---|---|---|---|
| 005 | 20241216011525.0 | ||
| 008 | 190429s9999||||xx |||||||||||||| ||und|| | ||
| 082 |
_a370.1523 _bC28 |
||
| 100 | _aCASIMIRO URCOS JAVIER FRANCISCO | ||
| 245 | 0 | _aESTILO DE APRENDIZAJE Y SU INFLUENCIA EN EL RENDIMIENTO ACADEMICO DE LOS ESTUDIANTES DEL 5TO. AÑO DE MEDICINA VETERINARIA DE LA UNIVERSIDAD NACIONAL MAYOR DE SAN MARCOS - 2009 | |
| 250 | _a0 | ||
| 260 |
_aCERRO DE PASCO-PERU _bUNDAC _c2010 |
||
| 300 |
_a140 pag. _c30 cm. |
||
| 341 | _h0 | ||
| 490 |
_v0 _a0 |
||
| 505 | _aPLANTEAMIENTO DEL PROBLEMA/MARCO TEORICO/HIPOTESIS/METODOLOGIA DE LA INVESTIGACION/RESULTADOS/CONCLUSIONES | ||
| 541 |
_aD _bCASIMIRO URCOS JAVIER F. _d22-May-13 _oSoles |
||
| 942 | _cTESIS | ||
| 999 |
_c44238 _d44238 |
||